Topografía médica de Carrascal del Río (Segovia) (Record no. 161416)

MARC details
000 -LEADER
campo de control de longitud fija 00910nam a22001935i 4500
001 - NÚMERO DE CONTROL
campo de control 161416
003 - IDENTIFICADOR DE NÚMERO DE CONTROL
campo de control ES-MaACL
005 - FECHA Y HORA DE LA ÚLTIMA TRANSACCIÓN
campo de control 20230906212259.0
008 - DATOS DE LONGITUD FIJA--INFORMACIÓN GENERAL
campo de control de longitud fija 021008s1895 sp |||| | spa d
040 ## - FUENTE DE CATALOGACIÓN
Centro catalogador/agencia de origen CCPB | B
Lengua de catalogación spa
Centro/agencia transcriptor CCPB | B
100 1# - ENTRADA PRINCIPAL--NOMBRE DE PERSONA
Nombre de persona Pardo y González, Felipe.
9 (RLIN) 130839
245 10 - MENCIÓN DEL TÍTULO
Título Topografía médica de Carrascal del Río (Segovia)
Resto del título : memoria leida en el solemne acto para graduarse de doctor en Medicina y Cirugía /
Mención de responsabilidad, etc. por Felipe Pardo y González.
260 ## - PUBLICACIÓN, DISTRIBUCIÓN, ETC.
Lugar de publicación, distribución, etc. Valladolid :
Nombre del editor, distribuidor, etc. imprenta, librería y encuadernación de Jorge Montero,
Fecha de publicación, distribución, etc. 1895.
300 ## - DESCRIPCIÓN FÍSICA
Extensión 106 p. ;
Dimensiones 21 cm.
530 ## - NOTA DISPONIBLE DE FORMULARIO FÍSICO ADICIONAL
Nota de formato físico adicional disponible Disponible en formato digital.
650 #4 - PUNTO DE ACCESO ADICIONAL DE MATERIA--TÉRMINO DE MATERIA
Término de materia o nombre geográfico como elemento de entrada Geografía médica-
Subdivisión geográfica Carrascal del Rio.
9 (RLIN) 157108
852 ## - LOCALIZACIÓN
Ubicación ES-MaACL
Número de control de estantería T-858-F-7
Nota libre -- Enc. hol., conservando la cub. original
-- -- Enc. en un vol. facticio
856 ## - LOCALIZACIÓN Y ACCESO ELECTRÓNICOS
Identificador Uniforme de Recursos <a href="http://bdh-rd.bne.es/viewer.vm?id=0000083359&page=1 ">http://bdh-rd.bne.es/viewer.vm?id=0000083359&page=1 </a>
Nota pública Biblioteca Digital Hispánica
Holdings
Estatus retirado Estado de pérdida Estado de daño No para préstamo Colección Biblioteca de origen Biblioteca actual Ubicación en estantería Fecha de adquisición Total de préstamos Signatura topográfica completa Código de barras Visto por última vez Precio de reemplazo Tipo de ítem Koha
        Colección de folletos Biblioteca del Ateneo de Madrid Biblioteca del Ateneo de Madrid Depósito folletos 17/01/2008   T-858-F-7 1169080 23/02/2023 23/02/2023 Folleto